| 000 | 00648ntaaa2200193 4500 | ||
|---|---|---|---|
| 003 | 01 | ||
| 005 | 20251027202207.0 | ||
| 008 | 0714s1973 ag 01 | ||
| 040 |
_aAR-BaBN _bspa _cAR-BaBN _eaacr _dRIC |
||
| 082 | _a267.42 C74 | ||
| 110 |
_aConvención Femenil Bautista Argentina _bSecretaría Nacional de las Organizaciones Juveniles _920516 |
||
| 245 |
_aCarpeta para consejeras de rayitos de sol / _cConvención Femenil Bautista Argentina |
||
| 260 |
_a[S.l.] : _b[El autor], _c1960 |
||
| 300 |
_a94 p. ; _c25 cm. |
||
| 500 | _aIncluye bibliografía al final de la obra | ||
| 521 | _aINICIAL | ||
| 650 |
_aEducacion cristiana _9405 |
||
| 942 | _cBK | ||
| 999 |
_c16867 _d16867 |
||